000 00849nas a2200301 4500
001 BR0707879
003 BR-BrBNA
005 20231205111404.0
007 ta
008 230509b bl.|||p| |||| 00| 00por d
040 _aBR-BrBNA
_bpor
_cBiblioteca Nacional de Agricultura
041 _a(Pt)
072 _aH60
100 1 _aSilva, W. da
100 1 _aVilela, D.
100 1 _aCobucci, T.
100 1 _aHeinrmann, A.B.
100 1 _aReis, F.A.
100 1 _aSantos, R.A. dos
100 1 _aPereira, A.V.
245 1 _aUso potencial de misturas de herbicidas no controle de plantas daninhas em alfafa
650 _aALFAFA
650 _aHERBICIDA
650 _aPLANTA DANINHA
773 0 _tRevista Ceres (Brazil)
_xISSN 0034-737X
_gv. 52(299) p. 23-32
_wBR0707879
909 _a202311
_bLúcia
_c55
_dLúcia Elande
942 _2AGRIS
_n0
_cANA
999 _c192430
_d192430